Catalogo dos objectos de arte e industria dos indigenas da America que pelas festas commemorativas do 4º Centenario da sua descoberta a Academia Real das Sciencias de Lisboa envia á exposiçao de Madrid / (Record no. 153996)

MARC details
000 -LEADER
campo de control de longitud fija 01065nam a2200181 i 4500
001 - NÚMERO DE CONTROL
campo de control 153996
003 - IDENTIFICADOR DE NÚMERO DE CONTROL
campo de control ES-MaACL
005 - FECHA Y HORA DE LA ÚLTIMA TRANSACCIÓN
campo de control 20250813092332.0
008 - DATOS DE LONGITUD FIJA--INFORMACIÓN GENERAL
campo de control de longitud fija 990409s1892 po |||| | por d
040 ## - FUENTE DE CATALOGACIÓN
Centro catalogador/agencia de origen CAM
Lengua de catalogación spa
Centro/agencia transcriptor CAM
111 2# - ENTRADA PRINCIPAL--NOMBRE DE CONGRESO/REUNIÓN
Nombre de congreso/reunión o jurisdicción como elemento de entrada Exposición Histórico-Americana
Fecha del congreso o de la firma del tratado (1892.
Sede del congreso/Lugar de la reunión Madrid)
9 (RLIN) 135137
245 10 - MENCIÓN DEL TÍTULO
Título Catalogo dos objectos de arte e industria dos indigenas da America que pelas festas commemorativas do 4º Centenario da sua descoberta a Academia Real das Sciencias de Lisboa envia á exposiçao de Madrid /
Mención de responsabilidad, etc. A.C. Teixeirea de Aragao.
260 ## - PUBLICACIÓN, DISTRIBUCIÓN, ETC.
Lugar de publicación, distribución, etc. Lisboa :
Nombre del editor, distribuidor, etc. Academia Real das Sciencias,
Fecha de publicación, distribución, etc. 1892.
300 ## - DESCRIPCIÓN FÍSICA
Extensión 44 p., [2] h. de lám. :
Otras características físicas il. ;
Dimensiones 26 cm.
700 1# - ENTRADA AGREGADA--NOMBRE PERSONAL
Nombre de persona Teixeira de Aragão, Augusto Carlos.
9 (RLIN) 162644
852 ## - LOCALIZACIÓN
Ubicación ES-MaACL
Número de control de estantería T-652-F-4
Nota libre -- Enc. hol., conservando la cub. original en perg.
-- -- Enc. en un vol. facticio
Encuadernación -- Edic.: tiene una cub. conjunta para esta obra y "Breve noticia sobre o descobrimiento da America e Catalogo dos objectos de arte ..." -- Cada obra tiene su port. y paginación independiente
Holdings
Estatus retirado Estado de pérdida Estado de daño No para préstamo Colección Biblioteca de origen Biblioteca actual Ubicación en estantería Fecha de adquisición Total de préstamos Signatura topográfica completa Código de barras Visto por última vez Precio de reemplazo Tipo de ítem Koha
        Colección de folletos Biblioteca del Ateneo de Madrid Biblioteca del Ateneo de Madrid Depósito folletos 17/01/2008   T-652-F-4 1161014 23/02/2023 23/02/2023 Folleto